Vývoj prístupov k hospodárskej politike od začiatku 20. storočia
Nahliadnutie do prístupov k hospodárskej politike kriticky a bez predsudkov. Príspevok sa zaoberá ponukovo a dopytovo orientovanou hospodárskou politikou. Vysvetľuje výhody a úskalia týchto dvoch prístupov a snaží sa načrtnúť efektívnu koncepciu hospodárskej politiky.
Gespeichert in:
| 1. Verfasser: | |
|---|---|
| Format: | Buchkapitel |
| Sprache: | Slowakisch |
| Schlagworte: | |
| Tags: |
Keine Tags, Fügen Sie das erste Tag hinzu!
|
MARC
| LEADER | 00000nla$a2200000$$$4500 | ||
|---|---|---|---|
| 001 | 0112913 | ||
| 005 | 20240502072244.8 | ||
| 041 | 0 | |a slo | |
| 044 | |a SK | ||
| 245 | 1 | 0 | |a Vývoj prístupov k hospodárskej politike od začiatku 20. storočia |c Miroslava Havettová |
| 520 | |a Nahliadnutie do prístupov k hospodárskej politike kriticky a bez predsudkov. Príspevok sa zaoberá ponukovo a dopytovo orientovanou hospodárskou politikou. Vysvetľuje výhody a úskalia týchto dvoch prístupov a snaží sa načrtnúť efektívnu koncepciu hospodárskej politiky. | ||
| 610 | 2 | 0 | |a teórie ekonomické |
| 610 | 2 | 0 | |a dejiny |
| 610 | 2 | 0 | |a politika hospodárska |
| 610 | 2 | 0 | |a ponuka |
| 610 | 2 | 0 | |a rast hospodársky |
| 100 | 1 | |a Havettová, Miroslava | |